000 00400nam a2200169Ia 4500
003 OSt
005 20240306105845.0
008 170619s9999 xx 000 0 und d
020 _a9788120324251
040 _cIIMT ENGINEERING COLLEGE
100 _aCherunilam- Francis
245 0 _aInternational business
260 _bNew Delhi P H I
260 _c2004
546 _aENGLISH
942 _2ddc
_c02
999 _c22096
_d22096